000 00708cab a2200229 4500
001 WB3125-32
008 090401t1995 xxu||||| |||| 00| 0 eng d
035 _a(Sirsi) u15305
041 _aeng
245 _aWoolf report
260 _c1995
350 _a0
490 _aNew Builder
_v(263) 23 June 1995, (!1)
520 _aThe construction industry is pleased to find most of its recommendations incorporated in the Woolf report, "Access to justice", although the proosals could founder through a large increase in litigation.
650 _aCIVIL JUSTICE
650 _aCONSTRUCTION DISPUTES
650 _aREFORM
650 _aWOOLF REPORT
690 _aLAW
942 _n0
948 _c04/03/1997
999 _c10019
_d10019